Capitals to Country - Oceania - Statistics

General Stats
  • This quiz has been taken 347 times
  • The average score is 12 of 14
Answer Stats
Hint Answer % Correct
Canberra Australia
100%
Wellington New Zealand
99%
Suva Fiji
91%
Ngerulmud Palau
89%
Funafuti Tuvalu
89%
Apia Samoa
88%
Yaren Nauru
87%
Port Moresby Papua New Guinea
87%
Port Vila Vanuatu
86%
South Tarawa Kiribati
85%
Majuro Marshall Islands
85%
Palikir Micronesia
85%
Honiara Solomon Islands
85%
Nukuʻalofa Tonga
83%
No matching quizzes found
Score Distribution
Percent of People with Each Score
Percentile by Number Answered
Your Score History
You have not taken this quiz